[Event "11th Sigeman & Co"]
[Site "Malmoe SWE"]
[Date "2003.05.01"]
[Round "3"]
[White "Hansen,Cu"]
[Black "Hansen,SuB"]
[Result "1-0"]
[WhiteElo "2610"]
[BlackElo "2537"]

1.d4 d5 2.c4 c6 3.Nf3 Nf6 4.Nc3 a6 5.c5 Nbd7 6.h3 Qc7 7.Bg5 e5 8.e3 Be7 9.Bh4 exd4
10.exd4 b6 11.cxb6 Qxb6 12.Rb1 c5 13.Be2 cxd4 14.Nxd4 Bc5 15.Nf5 g6 16.b4 Bxb4
17.O-O Qa5 18.Rxb4 Qxb4 19.Nxd5 Nxd5 20.Qxd5 gxf5 21.Qxa8 O-O 22.Bg5 Bb7
23.Qa7 Ne5 24.Qe3 Re8 25.Qd2 Qb6 26.Rc1 Qg6 27.Rc3 Qg7 28.Bf1 f6 29.Bh6 Qe7
30.Rg3+ Ng6 31.h4 f4 32.Qxf4 Kh8 33.Qd4 Rd8 34.Qb2 Rd5 35.Re3 Ne5 36.f4 Nf3+
37.Rxf3 Rh5 38.Rb3 Qc5+  1-0

[Event "Vedior Trophy"]
[Site "Milan ITA"]
[Date "2003.05.04"]
[Round "9"]
[White "Qendro,L"]
[Black "Castaldo,F"]
[Result "1-0"]
[WhiteElo "2346"]
[BlackElo "2328"]

1.d4 d5 2.c4 c6 3.Nf3 Nf6 4.Nc3 a6 5.cxd5 cxd5 6.Bf4 Nc6 7.e3 Bg4 8.Be2 Bxf3
9.Bxf3 e6 10.O-O Bd6 11.Bxd6 Qxd6 12.Na4 Nd7 13.Rc1 O-O 14.Qd2 Rfc8 15.Nc5 b6
16.Nxd7 Qxd7 17.Be2 Qb7 18.g3 Na5 19.b3 Rc6 20.Rxc6 Nxc6 21.Rc1 Rc8 22.Bd3 g6
23.h4 h5 24.Rc3 Kg7 25.Qc1 Ne7 26.Rxc8 Nxc8 27.Qd1 Nd6 28.g4 hxg4 29.Qxg4 f5
30.Qg3 Nf7 31.Be2 Kh6 32.Qf4+ Kg7 33.Qg3 Kh6 34.Kg2 Qc8 35.b4 b5 36.a3 Qc2
37.Bf3 Qc6 38.Qb8 Kg7 39.Qa7 Kf6 40.Qb8 Kg7 41.Qa7 Kf6 42.h5 g5 43.Qc5 Qe8
44.Qb6 g4 45.Bxd5 Ng5 46.Bc6 Qxh5 47.Qd8+ Kg7 48.Qe7+ Kh6 49.Qf6+ Kh7 50.Qe7+ Kh6
51.Qd6 Kg7 52.Qe5+ Kf7 53.Qh2 Qg6 54.Qc7+ Kg8 55.Qd8+ Kg7 56.Qe7+ Nf7 57.Bd7 f4
58.Qxe6 f3+ 59.Kg3 Qb1 60.Qxg4+ Kf8 61.Qxf3 Qg1+ 62.Qg2 Qc1 63.Qc6 Qg1+ 64.Kf3 Qd1+
65.Kg2 Kg7 66.Qf3 Qc1 67.Qg4+ Kf8 68.Be6 Nd8 69.d5  1-0

[Event "FSIMA May"]
[Site "Budapest HUN"]
[Date "2003.05.06"]
[Round "4"]
[White "Lund,E"]
[Black "Dembo,Y"]
[Result "1/2-1/2"]
[WhiteElo "2269"]
[BlackElo "2402"]

1.d4 d5 2.c4 c6 3.Nf3 Nf6 4.Nc3 a6 5.a4 e6 6.Bg5 Be7 7.e3 O-O 8.Bd3 dxc4
9.Bxc4 Nd5 10.Bxe7 Qxe7 11.O-O Nd7 12.e4 Nxc3 13.bxc3 b5 14.Bd3 Bb7 15.e5 Rfd8
16.Qc2 Nf8 17.Rfd1 Rac8 18.Qb2 c5 19.axb5 Bxf3 20.gxf3 axb5 21.Qxb5 cxd4
22.cxd4 Qg5+ 23.Kh1 Qh4 24.Qb2 Ng6 25.Be4 Rb8 26.Qc2 Qh5 27.Qc3 Nf4 28.Qe3 Nh3
29.Rd2 Qh4 30.Rad1 g6 31.d5 exd5 32.Bxd5 Rxd5  1/2-1/2

[Event "11th Sigeman & Co"]
[Site "Malmoe SWE"]
[Date "2003.05.07"]
[Round "8"]
[White "Nielsen,PH"]
[Black "Hansen,SuB"]
[Result "1/2-1/2"]
[WhiteElo "2625"]
[BlackElo "2537"]

1.d4 d5 2.c4 c6 3.Nf3 Nf6 4.Nc3 a6 5.e3 Bf5 6.cxd5 cxd5 7.Ne5 h6 8.Qb3 Ra7
9.Bd2 e6 10.Rc1 Nbd7 11.Bb5 Bd6 12.Bxd7+ Nxd7 13.Nxd7 Kxd7 14.Na4 b5 15.Nc5+ Ke7
16.f3 Re8 17.e4 dxe4 18.fxe4 Bg6 19.e5 Bxc5 20.Bb4 Kd7 21.Bxc5 Qh4+ 22.g3 Qe4+
23.Kf2 Qf5+ 24.Qf3  1/2-1/2

[Event "Capablanca Mem Premier I"]
[Site "Havana CUB"]
[Date "2003.05.10"]
[Round "5"]
[White "Herraiz Hidalgo,H"]
[Black "Perez,Rod"]
[Result "1/2-1/2"]
[WhiteElo "2491"]
[BlackElo "2403"]

1.d4 d5 2.c4 c6 3.Nf3 Nf6 4.Nc3 a6 5.Ne5 Nbd7 6.g3 e6 7.Bg2 Nxe5 8.dxe5 Nd7
9.cxd5 exd5 10.e4 d4 11.Qxd4 Bc5 12.Qd1 Nxe5 13.Qxd8+ Kxd8 14.Ke2 Bg4+ 15.f3 Be6
16.b3 f6 17.Na4 Bd6 18.Be3 Nd7 19.Rhd1 Ke7 20.Rd3 Rad8 21.Nb6 Bc7 22.Nxd7 Rxd7  1/2-1/2

[Event "National I"]
[Site "Clermont-Ferrand FRA"]
[Date "2003.05.11"]
[Round "11"]
[White "Mensch,E"]
[Black "Godard,M"]
[Result "1/2-1/2"]
[WhiteElo "2337"]
[BlackElo "2353"]

1.d4 d5 2.c4 c6 3.Nf3 Nf6 4.Nc3 a6 5.c5 Bf5 6.Bf4 Nbd7 7.e3 h6 8.Be2 g5 9.Bg3 Bg7
10.Nd2 O-O 11.b4 Re8 12.Nb3 e5 13.O-O exd4 14.exd4 Ne4 15.Nxe4 Bxe4 16.Na5 Ra7
17.Re1 Nf8 18.Bg4 Ne6 19.Bxe6 Rxe6 20.f3 Bf5 21.Qd2 Qd7 22.Rxe6 Bxe6 23.Re1 Ra8
24.Be5 f6 25.Bd6 Re8 26.Kf2 Qf7 27.Qd3 Bc8 28.Rxe8+ Qxe8 29.Nb3 f5 30.Qe3 Qxe3+
31.Kxe3 f4+ 32.Kf2 Kf7 33.g3 fxg3+ 34.hxg3 h5 35.f4  1/2-1/2

[Event "Capablanca Mem Premier I"]
[Site "Havana CUB"]
[Date "2003.05.14"]
[Round "9"]
[White "Almeida,O"]
[Black "Ramirez,Al"]
[Result "0-1"]
[WhiteElo "2437"]
[BlackElo "2421"]

1.d4 d5 2.Nf3 Nf6 3.c4 c6 4.Nc3 a6 5.a4 e6 6.e3 Bb4 7.Bd2 O-O 8.Bd3 Nbd7
9.O-O a5 10.Qc2 Qe7 11.Rfe1 dxc4 12.Bxc4 e5 13.e4 exd4 14.e5 Qc5 15.exf6 Qxc4
16.fxg7 Rd8 17.Qe4 Nc5 18.Qh4 Bf5 19.Bg5 Re8 20.Qxd4 Qxd4 21.Nxd4 Bg6 22.Rxe8+ Rxe8
23.Be3 Nd3 24.Nd1 Nxb2 25.Nxb2 Bc3 26.Ra2 Bxd4 27.Nc4 Bc3 28.h3 Bb1 29.Ra3 Bb4
30.Ra1 Bd3 31.Nb6 Bf5 32.g4 Be6 33.Bd4 Rd8 34.Bf6 Rd3 35.Rc1 Bb3 36.h4 Rd1+
37.Rxd1 Bxd1 38.g5 Bd6 39.Nc8 Bc5 40.Ne7+ Bxe7 41.Bxe7 Kxg7 42.f4 Kg6 43.Kf2 Kf5
44.Ke3 Bxa4 45.Bd8 Kg4 46.Bxa5 Kxh4 47.Bb6 Bc2 48.Ba7 Kg4 49.Bb6 Kf5 50.Bd8 b5
51.Bf6 c5 52.Be7 c4 53.Bb4 f6 54.Be7 fxg5 55.fxg5 b4 56.Kd4 Bd3 57.Bd8 Bf1
58.Be7 Kf4 59.Bxb4 Kxg5 60.Ke3 Kg4 61.Bc3 h5 62.Be5 h4 63.Kf2 Bd3 64.Bf6 h3
65.Be5 Be4 66.Ke3 c3 67.Bh2 c2  0-1

[Event "Kings Cup"]
[Site "Bucharest ROM"]
[Date "2003.05.19"]
[Round "2"]
[White "Svetushkin,D"]
[Black "Dumitrache,D"]
[Result "1/2-1/2"]
[WhiteElo "2543"]
[BlackElo "2475"]

1.d4 d5 2.c4 c6 3.Nf3 Nf6 4.Nc3 a6 5.c5 Nbd7 6.h3 g6 7.Bf4 Bg7 8.e3 b6 9.cxb6 Qxb6
10.a3 Qxb2 11.Na4 Qb7 12.Rb1 Qa7 13.Qc2 Bb7 14.Qb3 Bc8 15.Qc3 c5 16.Nxc5 Nxc5
17.Qxc5 Qxc5 18.dxc5 Ne4 19.c6 Bc3+ 20.Ke2 Ba5 21.Be5 f6 22.Ba1 Kd8 23.Rc1 Rb8
24.Nd4 Kc7 25.g4 e5 26.Nc2 Bc3 27.Nb4  1/2-1/2

[Event "28th Elekes Mem GM"]
[Site "Budapest HUN"]
[Date "2003.05.21"]
[Round "5"]
[White "Galyas,M"]
[Black "Brustkern,J"]
[Result "1-0"]
[WhiteElo "2413"]
[BlackElo "2323"]

1.d4 d5 2.c4 c6 3.Nc3 Nf6 4.Nf3 a6 5.cxd5 cxd5 6.Bg5 Ne4 7.Bh4 Nc6 8.e3 Bg4
9.Bd3 Nxc3 10.bxc3 Qd7 11.O-O e6 12.Rb1 Bd6 13.Bg3 Bxg3 14.hxg3 Rc8 15.Qc2 Bxf3
16.gxf3 g6 17.Qb2 Rc7 18.c4 O-O 19.cxd5 exd5 20.Qd2 Rfc8 21.Kg2 Nd8 22.f4 b5
23.Rfc1 Nb7 24.Rxc7 Rxc7 25.Rc1 Nd6 26.Rxc7 Qxc7 27.Qb4 Nc4 28.Be2 Qd6 29.Qc5 Qd8
30.Bf3 Qa5 31.f5 gxf5 32.Qe7 Qa3 33.Qg5+ Kf8 34.Bxd5 Qxa2 35.Qd8+ Kg7 36.Kf3 Qa3
37.Qg5+ Kf8 38.Qxf5 Nd6 39.Qxh7 Ke7 40.Kg2 b4 41.e4 Qd3 42.Qh4+ Kd7 43.e5 Nf5
44.Qg4  1-0

[Event "Kings Cup"]
[Site "Bucharest ROM"]
[Date "2003.05.22"]
[Round "5"]
[White "Mateuta,G"]
[Black "Dumitrache,D"]
[Result "1/2-1/2"]
[WhiteElo "2413"]
[BlackElo "2475"]

1.d4 d5 2.c4 c6 3.Nf3 Nf6 4.Nc3 a6 5.cxd5 cxd5 6.Bf4 Bf5 7.e3 e6 8.Bd3 Bxd3
9.Qxd3 Be7 10.O-O O-O 11.Rfc1  1/2-1/2

[Event "TCh-NOR"]
[Site "Asker NOR"]
[Date "2003.05.30"]
[Round "3"]
[White "Gausel,E"]
[Black "Gronn,A"]
[Result "0-1"]
[WhiteElo "2533"]
[BlackElo "2310"]

1.d4 d5 2.c4 c6 3.Nf3 Nf6 4.Nc3 a6 5.cxd5 cxd5 6.Bg5 Ne4 7.Bh4 Qa5 8.Qb3 e6
9.a3 Nxc3 10.bxc3 Bd7 11.Nd2 Nc6 12.e3 Rc8 13.Bd3 Na7 14.Qxb7 Nb5 15.O-O Rc7
16.Qb8+ Rc8 17.Qe5 Qxc3 18.Bxb5 Bxb5 19.Rfd1 Be2 20.Rdb1 Qxd2 21.Rb8 Qc2
22.e4 Be7 23.Rxc8+ Qxc8 24.Qxg7 Rf8 25.Bxe7 Kxe7 26.exd5 Bc4 27.Qg5+ Kd7
28.dxe6+ fxe6 29.Qg7+ Kd6 30.Rc1 Rf5 31.Qg3+ Kd5 32.Qc3 Qc7 33.g3 h5 34.Qe3 Qb6
35.Re1 Kd6 36.h3 Bd5 37.g4 hxg4 38.hxg4 Rf7 39.Qe5+ Kd7 40.Rc1 Rh7 41.f3 Bxf3  0-1

[Event "4th IECC"]
[Site "Istanbul TUR"]
[Date "2003.05.31"]
[Round "2"]
[White "Gershon,A"]
[Black "Erdogdu,M"]
[Result "0-1"]
[WhiteElo "2543"]
[BlackElo "2303"]

1.d4 d5 2.c4 c6 3.Nf3 Nf6 4.Nc3 a6 5.Bg5 dxc4 6.a4 h6 7.Bd2 Bf5 8.e3 e6 9.Bxc4 Bb4
10.Ne4 Bxd2+ 11.Nexd2 Nbd7 12.a5 O-O 13.Qe2 Ne4 14.O-O c5 15.Rfd1 Qe7 16.Nxe4 Bxe4
17.Nd2 Bc6 18.Nb3 Rac8 19.e4 cxd4 20.Nxd4 Ne5 21.Bb3 Rfd8 22.Qh5 Qf6 23.Nxc6 Nxc6
24.Qe2 Qe5 25.Ba4 Nxa5 26.Rdc1 Qd4 27.Rxc8 Rxc8 28.g3 Qb4 29.Bd1 Rd8 30.Ra4 Qd2
31.Qxd2 Rxd2 32.Bf3 Nc6 33.e5 b5 34.Rxa6 Nxe5 35.Be4 g5 36.b3 Rb2 37.f4 Ng4
38.f5 exf5 39.Bxf5 h5 40.Rc6 Ne3 41.Be4 Rxb3 42.Rc5 f6 43.h4 gxh4 44.gxh4 Rb4
45.Bf3 Rb1+ 46.Kf2 Ng4+ 47.Kg3 Ne5 48.Rc8+ Kg7 49.Bxh5 b4 50.Rb8 b3 51.Rb7+ Kh6
52.Be2 b2 53.Kg2 Ng6 54.Kh2 Nxh4 55.Rb4 Ng6 56.Rb6 Nf4 57.Bf3 Kg5 58.Rb5+ Kh6
59.Rb6 Kg7 60.Rb7+ Kf8 61.Bg4 Nd5 62.Bh5 Ne3 63.Bg6 f5 64.Rb3 Kg7 65.Bh5 Nc4
66.Be2 Re1 67.Bxc4 b1=Q 68.Rxb1 Rxb1 69.Kg2 Kf6 70.Bd3 Rb2+ 71.Kf3 Rb3 72.Kf4 Rb4+
73.Kf3 Ke5  0-1

[Event "Golden Cleopatra"]
[Site "Cairo EGY"]
[Date "2003.06.02"]
[Round "2"]
[White "Sayed,M"]
[Black "Szuhanek,R"]
[Result "1/2-1/2"]
[WhiteElo "2191"]
[BlackElo "2427"]

1.d4 d5 2.Nf3 c6 3.c4 Nf6 4.Nc3 a6 5.cxd5 cxd5 6.Bf4 Nc6 7.e3 Bg4 8.Be2 e6
9.O-O Be7 10.h3 Bxf3 11.Bxf3 O-O 12.Rc1 Rc8 13.Na4 Nd7 14.e4 dxe4 15.Bxe4 Nf6
16.Bxc6 Rxc6 17.Rxc6 bxc6 18.Qd2 Qd5 19.b3 Ne4 20.Qe2 Bf6 21.Re1 Nd6 22.Be5 Bxe5
23.dxe5 Nb5 24.Rc1 Nd4 25.Qe3 Nf5 26.Qe2 Nd4 27.Qe3  1/2-1/2

[Event "Golden Cleopatra"]
[Site "Cairo EGY"]
[Date "2003.06.04"]
[Round "4"]
[White "Ahmed,T"]
[Black "Alqudaimi,B"]
[Result "1-0"]
[WhiteElo "2148"]
[BlackElo "2385"]

1.d4 d5 2.c4 c6 3.Nf3 Nf6 4.Nc3 a6 5.cxd5 cxd5 6.Bf4 Nc6 7.e3 Bg4 8.Be2 e6
9.O-O Bxf3 10.Bxf3 Be7 11.a3 b5 12.b4 Rc8 13.Rc1 O-O 14.Re1 Qb6 15.Qb3 h6
16.Re2 g5 17.Be5 Nxe5 18.dxe5 Nd7 19.Rec2 Qb8 20.Bxd5 Rxc3 21.Rxc3 exd5 22.Rc7 Rd8
23.Qxd5 Nc5 24.Qc6 Nd3 25.Rxe7 Nxc1 26.h3 Qc8 27.Qf6 Ne2+ 28.Kh2 Rf8 29.e6 Qc3
30.Qxh6 Qg7 31.exf7+ Rxf7 32.Re8+ Rf8 33.Qe6+ Qf7 34.Qxf7+ Kxf7 35.Re5 Kg6
36.f3 Kf6 37.Rc5 Re8 38.e4 g4 39.hxg4 Rh8+ 40.Rh5 Rxh5+ 41.gxh5 Nd4 42.f4 Nc2
43.g4 Nxa3 44.g5+ Kf7 45.f5 a5 46.g6+ Kg8 47.f6 Nc4 48.bxa5 Ne5 49.a6  1-0

[Event "4th IECC"]
[Site "Istanbul TUR"]
[Date "2003.06.06"]
[Round "7"]
[White "Filippov,Va"]
[Black "Luther,T"]
[Result "1-0"]
[WhiteElo "2627"]
[BlackElo "2571"]

1.Nf3 Nf6 2.c4 c6 3.d4 d5 4.Nc3 a6 5.c5 Nbd7 6.Bf4 Nh5 7.e3 g6 8.Bd3 Bg7
9.O-O O-O 10.Bg5 Re8 11.e4 dxe4 12.Bxe4 Ndf6 13.Bc2 Be6 14.Re1 Nd5 15.Qd2 Qc7
16.Rxe6 fxe6 17.Re1 Qd7 18.Ne5 Bxe5 19.Rxe5 Ng7 20.h4 Rad8 21.Nxd5 exd5 22.Qe2 Rc8
23.g4 Rf8 24.h5 gxh5 25.gxh5 Rf7 26.h6 Qh3 27.Rxe7 Rxe7 28.Qxe7 Qg4+ 29.Kh2 Qxd4
30.Be3 Qg4 31.hxg7 Qh5+ 32.Kg3 Re8 33.Qf6 Qh1 34.Bf5 Rxe3+ 35.fxe3 Qg1+ 36.Kf4 Qf2+
37.Ke5 Qxe3+ 38.Kd6 Qg3+ 39.Qe5 Qxg7 40.Qe8+ Qf8+ 41.Qxf8+ Kxf8 42.Bxh7  1-0

[Event "4th IECC"]
[Site "Istanbul TUR"]
[Date "2003.06.06"]
[Round "7"]
[White "Lputian,S"]
[Black "Stefansson,H"]
[Result "1/2-1/2"]
[WhiteElo "2638"]
[BlackElo "2565"]

1.d4 d5 2.c4 c6 3.Nf3 Nf6 4.Nc3 a6 5.a4 e6 6.g3 dxc4 7.Bg2 c5 8.O-O Nc6 9.Ne5 Na5
10.d5 Bd6 11.Bf4 Qc7 12.e3 O-O 13.Nf3 Bxf4 14.gxf4 Rd8 15.d6 Rxd6 16.Qc2 Rb8
17.Rfd1 Rxd1+ 18.Rxd1 Bd7 19.Ne5 Bc6 20.Nxc6 Nxc6 21.Ne4 Nxe4 22.Bxe4 f5
23.Bxc6 Qxc6 24.Qxc4 h6 25.a5 b5 26.Qc3 Rf8 27.Kf1 Qf3 28.Rd7 Qh3+ 29.Ke1 Rf6
30.Qxc5 Qxh2 31.Rd8+ Kh7 32.Qc8 Kg6 33.Rd6 Kh5 34.Rxe6 Qh1+ 35.Ke2 Qb1 36.Qe8+ Kg4
37.Rxf6 Qxb2+ 38.Kf1 Qxf6 39.Kg2 Qd6 40.Qa8 Kh5 41.Qb7 b4 42.Qb6 Qd5+ 43.Kg3 b3
44.Qxa6 Qd1 45.Qb5 Qg1+ 46.Kh3 Qh1+ 47.Kg3 Qb1 48.a6 b2 49.a7 Qg1+ 50.Kh3 Qh1+
51.Kg3 b1=Q 52.Qxb1 Qxb1 53.a8=Q Qg1+ 54.Qg2 Qxg2+ 55.Kxg2 Kg6 56.f3 Kf6
57.e4 Ke6 58.Kg3  1/2-1/2

[Event "CCA Vermont Open"]
[Site "Stratton Mountain USA"]
[Date "2003.06.06"]
[Round "6"]
[White "Tsiganov,I1"]
[Black "Fernandez,D"]
[Result "1-0"]
[WhiteElo "2250"]
[BlackElo "2295"]

1.d4 d5 2.c4 c6 3.Nc3 Nf6 4.Nf3 a6 5.c5 Nbd7 6.Bg5 g6 7.e3 Bg7 8.Be2 O-O
9.O-O Re8 10.h3 e5 11.b4 exd4 12.Nxd4 Qc7 13.Bf4 Ne5 14.Bh2 Qe7 15.Qc2 a5
16.a3 Nfd7 17.Na4 f5 18.b5 Ra7 19.Rab1 Qf6 20.Rfc1 Nf8 21.Bxe5 Rxe5 22.bxc6 bxc6
23.Rb6 Bd7 24.Bf3 Be8 25.Nc3 Qe7 26.Nxc6 Bxc6 27.Rxc6 d4 28.Nb5 dxe3 29.Nxa7 exf2+
30.Kxf2 Qxa7 31.Qc4+ Kh8 32.Rc8 Qe7 33.c6 Bh6 34.c7 Be3+ 35.Kf1 Rc5 36.Rxf8+ Qxf8
37.Qxc5 Bxc5 38.Bb7  1-0

[Event "Master Open"]
[Site "Ploiesti ROM"]
[Date "2003.06.07"]
[Round "9"]
[White "Telea,S"]
[Black "Catereniuc,D"]
[Result "1-0"]
[WhiteElo "2169"]
[BlackElo "2170"]

1.d4 d5 2.c4 c6 3.Nc3 Nf6 4.Nf3 a6 5.e3 Be6 6.cxd5 cxd5 7.Qb3 Ra7 8.Ne5 Nfd7
9.Qa4 Qb6 10.Be2 f6 11.Nxd7 Nxd7 12.Bf3 Qc6 13.Qb3 Nb6 14.O-O Bf7 15.Bd2 Nc4
16.Rfd1 e6 17.e4 b5 18.exd5 exd5 19.Rac1 Be7 20.a4 Rb7 21.axb5 axb5 22.Bf4 Qd7
23.Qc2 g5 24.Bg3 h5 25.h4 Kf8 26.b3 Nb6 27.Re1 b4 28.Nd1 g4 29.Be2 Kg7 30.Ne3 Be6
31.Ba6 Rc8 32.Qd3 Rxc1 33.Rxc1 Bd8 34.Bxb7 Qxb7 35.Nf5+ Kf8 36.Bd6+ Kg8 37.Bc5 Qd7
38.Ng3 Qf7 39.Qa6 Nc8  1-0

[Event "IV Open"]
[Site "Lido Estensi ITA"]
[Date "2003.06.10"]
[Round "4"]
[White "Cebalo,M"]
[Black "Bukal,V"]
[Result "1/2-1/2"]
[WhiteElo "2524"]
[BlackElo "2414"]

1.d4 d5 2.c4 c6 3.Nf3 Nf6 4.Nc3 a6 5.a4 e6 6.Bg5 Nbd7 7.a5 h6 8.Bxf6 Qxf6
9.e3 Bd6 10.Bd3 O-O 11.O-O Qe7 12.Qc2 dxc4 13.Bxc4 c5 14.Rfd1 cxd4 15.Nxd4 Nf6
16.Na4 Bc7 17.Nb6  1/2-1/2

[Event "IV Open"]
[Site "Lido Estensi ITA"]
[Date "2003.06.15"]
[Round "9"]
[White "Cebalo,M"]
[Black "Kogan,Ar"]
[Result "1/2-1/2"]
[WhiteElo "2524"]
[BlackElo "2539"]

1.d4 Nf6 2.c4 c6 3.Nc3 d5 4.Nf3 a6 5.a4 e6 6.Bg5 Nbd7 7.cxd5 exd5 8.e3 Qa5
9.Qc2 Ne4 10.Bd3 Nxg5 11.Nxg5 h6 12.Nf3 Bb4 13.O-O O-O 14.Na2 Bd6 15.Rab1 Nf6
16.b4 Qc7 17.h3 Re8 18.b5 axb5 19.axb5 Bd7 20.bxc6 bxc6 21.Nb4 Qc8  1/2-1/2

[Event "zt 3.2a"]
[Site "Ho Chi Minh City VIE"]
[Date "2003.06.25"]
[Round "6"]
[White "Leong,L"]
[Black "Tirto"]
[Result "0-1"]
[WhiteElo "2277"]
[BlackElo "2391"]

1.d4 d5 2.c4 c6 3.Nf3 Nf6 4.Nc3 a6 5.c5 Nbd7 6.Bg5 h6 7.Bh4 g5 8.Bg3 Nh5
9.e3 Nxg3 10.hxg3 Bg7 11.Bd3 e5 12.Bf5 e4 13.Bxd7+ Bxd7 14.Nd2 O-O 15.Qc2 f5
16.O-O-O Rb8 17.Nf1 f4 18.Rd2 Bg4 19.gxf4 gxf4 20.g3 fxg3 21.fxg3 Qg5 22.Kb1 Bh3
23.Rxh3 Rxf1+ 24.Rd1 Rf3 25.Qd2 Qxe3 26.Qc2 Rf2  0-1

[Event "IM"]
[Site "Elancourt FRA"]
[Date "2003.06.26"]
[Round "6"]
[White "Moracchini,F"]
[Black "Velikov,P"]
[Result "1/2-1/2"]
[WhiteElo "2302"]
[BlackElo "2435"]

1.d4 d5 2.Nf3 Nf6 3.c4 c6 4.Nc3 a6 5.a4 e6 6.Bg5 h6 7.Bh4 Be7 8.e3 a5 9.Bd3 Na6
10.Ne5 Nb4 11.Bb1 Nd7 12.Bxe7 Qxe7 13.Nxd7 Bxd7 14.Qe2 O-O 15.O-O Rfe8 16.f4 b6  1/2-1/2

[Event "I Carvalho Mem Masters"]
[Site "Maia POR"]
[Date "2003.06.28"]
[Round "7"]
[White "Movsziszian,K"]
[Black "Oratovsky,M"]
[Result "1/2-1/2"]
[WhiteElo "2468"]
[BlackElo "2587"]

1.d4 d5 2.c4 c6 3.Nf3 Nf6 4.Nc3 a6 5.cxd5 cxd5 6.Bf4 Nc6 7.e3 Bg4 8.Be2 e6
9.Ne5 Bxe2 10.Qxe2 Nxe5 11.Bxe5 Be7 12.O-O O-O  1/2-1/2

[Event "Open"]
[Site "Montpellier FRA"]
[Date "2003.07.07"]
[Round "1"]
[White "Derieux,C"]
[Black "Prie,E"]
[Result "0-1"]
[WhiteElo "2207"]
[BlackElo "2435"]

1.d4 d5 2.c4 c6 3.Nf3 Nf6 4.Nc3 a6 5.a4 e6 6.Bg5 a5 7.g3 Be7 8.Bg2 O-O 9.O-O Nbd7
10.Qc2 dxc4 11.Rad1 Nd5 12.Bxe7 Qxe7 13.e4 Nxc3 14.bxc3 e5 15.Nd2 b5 16.f4 exd4
17.cxd4 Nb6 18.e5 Bg4 19.Rde1 Qd7 20.f5 Qxd4+ 21.Kh1 Rad8 22.Ne4 Qxe5 23.f6 Nd5
24.fxg7 Kxg7 25.h3 Bh5 26.g4 Bg6 27.Qf2 f5 28.gxf5 Rxf5 29.Qh4 Rxf1+ 30.Rxf1 Rf8
31.Re1  0-1

[Event "1st Stage Russian Cup"]
[Site "Tomsk RUS"]
[Date "2003.07.09"]
[Round "6"]
[White "Dmitrienko,A"]
[Black "Voinov,A"]
[Result "1/2-1/2"]
[WhiteElo "2216"]
[BlackElo "2350"]

1.d4 d5 2.c4 c6 3.Nc3 Nf6 4.Nf3 a6 5.c5 g6 6.Bf4 Bg7 7.Qb3 O-O 8.e3 Nbd7
9.Be2 Ne4 10.Rd1 Nxc3 11.bxc3 Re8 12.O-O e5 13.Nxe5 Nxe5 14.Bxe5 Bxe5 15.dxe5 Rxe5
16.c4 Qc7 17.cxd5 cxd5 18.Bf3 Qxc5 19.Bxd5 Re7 20.Rd4 Rb8 21.Rfd1 Be6  1/2-1/2

[Event "25th Open"]
[Site "Oberwart AUT"]
[Date "2003.07.10"]
[Round "6"]
[White "Berkes,F"]
[Black "Manik,M"]
[Result "1/2-1/2"]
[WhiteElo "2590"]
[BlackElo "2471"]

1.d4 Nf6 2.c4 c6 3.Nc3 d5 4.Nf3 a6 5.e3 b5 6.b3 Bg4 7.Bb2 e6 8.Be2 Bd6 9.O-O O-O
10.h3 Bh5 11.Ne5 Bxe2 12.Nxe2 Nfd7 13.cxd5 cxd5 14.Rc1 Ra7 15.Nf4 Qa5 16.Nfd3 Rc7
17.Rxc7 Qxc7 18.Qd2 Rc8 19.Rc1 Qd8 20.Nxd7 Qxd7 21.Rxc8+ Qxc8 22.Qc3 Qxc3
23.Bxc3 Nc6 24.f3 f5 25.Kf2 Kf7 26.g4 g6 27.Ke2 h5 28.gxh5  1/2-1/2

[Event "1st Stage Russian Cup"]
[Site "Tomsk RUS"]
[Date "2003.07.10"]
[Round "7"]
[White "Reznichenko,A"]
[Black "Verzhansky,A"]
[Result "1/2-1/2"]
[WhiteElo "2360"]
[BlackElo "2264"]

1.Nf3 d5 2.d4 Nf6 3.c4 c6 4.Nc3 a6 5.cxd5 cxd5 6.Bf4 Nc6 7.e3 Bg4 8.h3 Bh5
9.g4 Bg6 10.Ne5 Ne4 11.Qa4 Nxc3 12.bxc3 Qa5 13.Qxa5 Nxa5 14.Nxg6 hxg6 15.Bc7 Nc4
16.Bxc4 dxc4 17.Ke2 Kd7 18.Bg3 e6 19.e4 b6  1/2-1/2

[Event "Open"]
[Site "Montpellier FRA"]
[Date "2003.07.11"]
[Round "5"]
[White "Gladyszev,O"]
[Black "Laclau,D"]
[Result "1-0"]
[WhiteElo "2455"]
[BlackElo "2312"]

1.d4 d5 2.c4 c6 3.Nf3 Nf6 4.Nc3 a6 5.a4 e6 6.Bg5 a5 7.e3 Be7 8.Bd3 Na6 9.O-O O-O
10.Rc1 Nb4 11.Bb1 b6 12.cxd5 exd5 13.Ne5 Ba6 14.Re1 Rc8 15.Qf3 Rc7 16.Bf4 Bd6
17.g4 Ne8 18.g5 g6 19.Na2 f6 20.gxf6 Qxf6 21.Nxb4 Bxb4 22.Red1 g5 23.Qg4 Bc8
24.Qg2 Rg7 25.Bg3 Bb7 26.Ng4 Qe6 27.Be5 Rgf7 28.Qh3  1-0

[Event "Masters"]
[Site "Saint Lo FRA"]
[Date "2003.07.11"]
[Round "3"]
[White "Tihonov,J"]
[Black "Milliet,S"]
[Result "1-0"]
[WhiteElo "2382"]
[BlackElo "2275"]

1.d4 d5 2.c4 c6 3.Nf3 Nf6 4.Nc3 a6 5.a4 e6 6.e3 c5 7.Be2 Nc6 8.O-O Be7 9.b3 O-O
10.Bb2 cxd4 11.exd4 dxc4 12.bxc4 Qa5 13.Qd2 Qd8 14.Rfd1 Bd7 15.h3 Rc8 16.Qe3 Nb4
17.Rdc1 Be8 18.Ne5 Nc6 19.Nf3 Qb6 20.Rab1 Qa7 21.Ne4 Na5 22.Ne5 Nxe4 23.Qxe4 Bxa4
24.Nxf7 Kxf7 25.Qxh7 Bf6 26.Ba3 e5 27.Bh5+ Ke6 28.Bg4+ Kf7 29.dxe5 Bxe5 30.Bh5+ Ke6
31.Qg6+ Bf6 32.Bg4+  1-0

[Event "26th Open"]
[Site "Barbera del Valles ESP"]
[Date "2003.07.12"]
[Round "8"]
[White "Vassallo,M"]
[Black "De la Rocha,R"]
[Result "1-0"]
[WhiteElo "2396"]
[BlackElo "2291"]

1.d4 Nf6 2.Nf3 d5 3.c4 c6 4.Nc3 a6 5.e3 Bg4 6.Qb3 Ra7 7.Ne5 Bf5 8.cxd5 cxd5
9.Be2 Nc6 10.Bd2 Nxe5 11.dxe5 Nd7 12.Nxd5 e6 13.Nf4 Nc5 14.Qd1 b5 15.Bc3 Rd7
16.Bd4 Ne4 17.Nd3 Qa5+ 18.Kf1 Nd2+ 19.Kg1 Bxd3 20.Bxd3 Bc5 21.Bxc5 Rxd3 22.Qc2 Rd5
23.e4 Nxe4 24.Be3 Nd2 25.Qc6+ Kf8 26.Bc5+  1-0

[Event "Open"]
[Site "Montpellier FRA"]
[Date "2003.07.12"]
[Round "6"]
[White "Estremera Panos,S"]
[Black "Prie,E"]
[Result "0-1"]
[WhiteElo "2370"]
[BlackElo "2435"]

1.d4 d5 2.c4 c6 3.Nf3 Nf6 4.Nc3 a6 5.e3 b5 6.b3 Bg4 7.Be2 Nbd7 8.O-O e6 9.h3 Bh5
10.Bb2 Bd6 11.Ne5 Bxe2 12.Nxe2 Qc7 13.cxd5 cxd5 14.Rc1 Qb8 15.Nxd7 Kxd7 16.f3 Qb7
17.e4 dxe4 18.d5 Qxd5 19.fxe4 Qxe4 20.Rc3 Rhd8 21.Ng3 Qg6 22.Rd3 Ke7 23.Qf3 Bc5+
24.Kh1 Rxd3 25.Qxa8 Qxg3 26.Qc8 Bd6  0-1

[Event "Open"]
[Site "Montpellier FRA"]
[Date "2003.07.13"]
[Round "7"]
[White "Williams,Si"]
[Black "Laclau,D"]
[Result "1-0"]
[WhiteElo "2381"]
[BlackElo "2312"]

1.d4 d5 2.c4 c6 3.Nc3 Nf6 4.Nf3 a6 5.e3 b5 6.b3 Bf5 7.a4 bxc4 8.bxc4 e6 9.Bd2 Nbd7
10.c5 Ne4 11.a5 Be7 12.Na4 Bf6 13.Nb6 Ra7 14.Bb4 O-O 15.Be2 Re8 16.O-O g5
17.Ne1 g4 18.Bxg4 Bxg4 19.Qxg4+ Kh8 20.Nd3 Rg8 21.Qe2 Qf8 22.f3 Ng5 23.Be1 Qh6
24.Bg3 Nf8 25.Nb4 Ng6 26.Nxc6 Rb7 27.Qxa6 Nh4 28.Qxb7 Ngxf3+ 29.gxf3 Nf5
30.Qxf7 Nxg3 31.Qxg8+ Kxg8 32.hxg3 Qxe3+ 33.Kg2 Bxd4 34.Nxd4 Qxd4 35.a6  1-0

[Event "25th Open"]
[Site "Oberwart AUT"]
[Date "2003.07.13"]
[Round "9"]
[White "Ruck,R"]
[Black "Burmakin,V"]
[Result "0-1"]
[WhiteElo "2550"]
[BlackElo "2575"]

1.Nf3 d5 2.d4 c6 3.c4 Nf6 4.Nc3 a6 5.Ne5 e6 6.Bf4 dxc4 7.Nxc4 b5 8.Ne5 Bb7
9.e3 c5 10.dxc5 Qxd1+ 11.Rxd1 Bxc5 12.Be2 Nbd7 13.O-O Nxe5 14.Bxe5 Ke7 15.Rc1 Nd7
16.Bg3 Rac8 17.Rc2 Nb6 18.Rfc1 Bd6 19.Bxd6+ Kxd6 20.a3 Rhd8 21.f3 f5 22.Kf2 Ke5
23.Na2 Rxc2 24.Rxc2 Rc8 25.Rxc8 Bxc8 26.Nb4 Kd6 27.Ke1 Bb7 28.Kd2 g5 29.Na2 Bd5
30.Nb4 Bb7 31.Na2 h5 32.Nc3 Ke5 33.Na2 Kd6 34.Nb4 e5 35.Bd3 f4 36.Be2 h4
37.e4 Kc5 38.h3 a5 39.Nd3+ Kd4 40.Nc1 Nc4+ 41.Bxc4 Kxc4 42.Nd3 Kd4 43.Nc1 a4
44.b3 Bc8 45.Ne2+ Kc5 46.b4+ Kc4 47.Nc1 Be6 48.Nd3 Kd4 49.Ne1 Bb3 50.Nd3 Bc4
51.Nc5 Bf1 52.Ne6+ Kc4 53.Nxg5 Bxg2 54.Kc2 Bf1 55.Kd2 Kb3 56.Ke1 Bc4 57.Kd2 Bg8
58.Kd3 Kxa3 59.Kc3  0-1

[Event "103rd ch-SUI w"]
[Site "Silvaplana SUI"]
[Date "2003.07.13"]
[Round "4"]
[White "Roelli,C"]
[Black "Seps,M"]
[Result "1-0"]
[WhiteElo "2025"]
[BlackElo "2079"]

1.d4 d5 2.c4 c6 3.Nf3 Nf6 4.Nc3 a6 5.e3 e6 6.Bd3 dxc4 7.Bxc4 b5 8.Bd3 c5
9.dxc5 Bxc5 10.O-O O-O 11.e4 h6 12.e5 Nd5 13.Ne4 Be7 14.Nd4 f5 15.exf6 Nxf6
16.Nxf6+ Bxf6 17.Be3 Qd5 18.Qg4 Bxd4 19.Be4 Qd6 20.Bxa8 e5 21.Qg3 Nc6 22.Rac1 Bd7
23.Bxc6 Bxc6 24.Bxd4  1-0

[Event "TCh-Europe u18"]
[Site "Balatonlelle HUN"]
[Date "2003.07.19"]
[Round "1"]
[White "Berkes,F"]
[Black "Miljkovic,Mir"]
[Result "1-0"]
[WhiteElo "2590"]
[BlackElo "2414"]

1.d4 d5 2.c4 c6 3.Nf3 Nf6 4.Nc3 a6 5.c5 Nbd7 6.Bf4 Nh5 7.e3 Nxf4 8.exf4 b6
9.cxb6 Qxb6 10.Qd2 e6 11.Be2 Rb8 12.b3 Bb4 13.O-O c5 14.Qe3 cxd4 15.Nxd4 O-O
16.Rfd1 Nf6 17.a3 Bxc3 18.Qxc3 Bd7 19.Rac1 Rfc8 20.Qe3 a5 21.f3 h6 22.g3 Qd6
23.a4 Ne8 24.Kg2 Qa3 25.Qd2 Rxc1 26.Rxc1 Qb4 27.Qe3 Nd6 28.Bd3 Rc8 29.Rxc8+ Nxc8
30.f5 exf5 31.Bxf5 Qd6 32.Qc3 Ne7 33.Bxd7 Qxd7 34.Qxa5 Nf5 35.Qa8+ Kh7 36.Qc6 Ne3+
37.Kf2 Qe7 38.Qc1  1-0